| 000 | 01285nam a22002417a 4500 | ||
|---|---|---|---|
| 999 |
_c22346 _d22346 |
||
| 003 | AR-CdUCM | ||
| 008 | 190429b ||||| |||| 00| 0 spa d | ||
| 040 |
_aMUNICIPALIDAD PROVINCIAL DEL CUSCO _cBIBLIOTECA MUNICIPAL DEL CUSCO |
||
| 082 | _aOpciones/N°6/1996 | ||
| 245 |
_aOpciones : _brevista de análisis debate y alternativas a los problemas regionales en medio ambiente y desarrollo / _cUniversidad Nacional de San Antonio Abad del Cusco |
||
| 260 |
_aCusco. _bYañez, _c1996. |
||
| 300 |
_a53 páginas. : _c28 cm. |
||
| 440 |
_aOpciones. _nAño II, número VI, diciembre 1996. _947896 |
||
| 505 | _aContenido: Saneamiento ambiental una necesidad prioritaria en el sector rural. -- Residuos solidos y medio ambiente en el Cusco. -- Contaminación ambiental por explotación aurífera y sus efectos en la salud. -- Riesgos químicos del personal de salud. -- Programa desarrollo sostenible en la zona reservada de Tambopata. -- Aguas termales y turismo de salud. -- Paz símbolo de desarrollo. | ||
| 650 |
_aEcología _94960 |
||
| 650 |
_aBiodiversidad _919327 |
||
| 650 |
_aMedio Ambiente _947890 |
||
| 650 |
_aDesarrollo rural _94384 |
||
| 700 |
_aGil Mora, Eduardo _946972 |
||
| 710 |
_aInstituto Andino de Ecología y Desarrollo _947891 |
||
| 942 |
_2ddc _cPP |
||
| 945 | _arac | ||